000 00286nam a2200121Ia 4500
100 _aBHIMASHANKAR/ DESHPANDE
942 _cBK
366 _f50
245 _aKARNATAKATIL MARATHI HASTALIKHITE
260 _bRAJYA MARATHI VIKAS SANSTHA
_aMumbai
_c1999
300 _a188
546 _aMARATHI
999 _c19925
_d19925